书目信息 |
| 题名: |
上火了怎么办
|
|
| 作者: | 史锁芳 主编 ;凤凰汉竹图书北京公司 编著 | |
| 分册: | ||
| 出版信息: | 南京 江苏凤凰科学技术出版社 2015 |
|
| 页数: | 223页 | |
| 开本: | 24cm | |
| 丛书名: | ||
| 单 册: | ||
| 中图分类: | R228 | |
| 科图分类: | ||
| 主题词: | 火(中医)--基本知识 | |
| 电子资源: | ||
| ISBN: | 978-7-5537-3980-9 | |
| 000 | 00975nam0 2200253 450 | |
| 001 | 2354846670 | |
| 005 | 20231212151437.61 | |
| 010 | @a978-7-5537-3980-9@dCNY 39.80 | |
| 100 | @a20150427d2015 em y0chiy0120 ea | |
| 101 | 0 | @achi |
| 102 | @aCN@b320000 | |
| 105 | @aa z 000yy | |
| 200 | 1 | @a上火了怎么办@Ashang huo le zen me ban@b专著@f史锁芳主编@g汉竹编著 |
| 210 | @a南京@c江苏凤凰科学技术出版社@d2015 | |
| 215 | @a223页@c彩图,彩照@d24cm@e1口袋书(48页;19cm) | |
| 300 | @a凤凰汉竹 健康爱家系列/汉竹编著 | |
| 307 | @a附:《降火食谱口袋书》 | |
| 330 | @a本书告诉读者什么是火,什么是上火,15种上火症状的对症治疗,五脏去火保健方案,九大体质上火的针对性调养,四季上火的规律,防治男女老幼各类人群上火的方法等内容。 | |
| 606 | 0 | @a火(中医)@x基本知识 |
| 690 | @aR228@v5 | |
| 701 | 0 | @a史锁芳@Ashi suo fang@c(主治医师)@4主编 |
| 712 | 02 | @a凤凰汉竹图书北京公司@Afeng huang han zhu tu shu bei jing gong si@4编著 |
| 801 | 2 | @aCN@b辽宁北配@c20231205 |
| 905 | @aBZT@dR228@e1 | |
| 上火了怎么办/史锁芳主编/汉竹编著.-南京:江苏凤凰科学技术出版社,2015 |
| 223页:彩图,彩照;24cm+1口袋书(48页;19cm) |
| 凤凰汉竹 健康爱家系列/汉竹编著 |
| ISBN 978-7-5537-3980-9:CNY 39.80 |
| 本书告诉读者什么是火,什么是上火,15种上火症状的对症治疗,五脏去火保健方案,九大体质上火的针对性调养,四季上火的规律,防治男女老幼各类人群上火的方法等内容。 |
| ● |
| 相关链接 |
|
|
|
正题名:上火了怎么办
索取号:R228/1
 
预约/预借
| 序号 | 登录号 | 条形码 | 馆藏地/架位号 | 状态 | 备注 |
| 1 | 2001528524 | 2001528524 | 412书库/ [索取号:R228/1] | 在馆 | |
| 2 | 2001528525 | 2001528525 | 412书库/ [索取号:R228/1] | 在馆 | |
| 3 | 2001528526 | 2001528526 | 412书库/ [索取号:R228/1] | 在馆 | |
| 4 | 2001528527 | 2001528527 | 412书库/ [索取号:R228/1] | 在馆 | |
| 5 | 2001528528 | 2001528528 | 412书库/ [索取号:R228/1] | 在馆 | |
| 6 | 2001528529 | 2001528529 | 412书库/ [索取号:R228/1] | 在馆 | |
| 7 | 2001528530 | 2001528530 | 412书库/ [索取号:R228/1] | 在馆 | |
| 8 | 2001528531 | 2001528531 | 412书库/ [索取号:R228/1] | 在馆 | |
| 9 | 2001528532 | 2001528532 | 215主题书屋/ [索取号:R228/1] | 在馆 | |
| 10 | 2001528533 | 2001528533 | 215主题书屋/ [索取号:R228/1] | 在馆 | |
| 11 | 2001528534 | 2001528534 | 412书库/ [索取号:R228/1] | 在馆 | |
| 12 | 2001528535 | 2001528535 | 412书库/ [索取号:R228/1] | 在馆 | |
| 13 | 2001528536 | 2001528536 | 412书库/ [索取号:R228/1] | 在馆 | |
| 14 | 2001528537 | 2001528537 | 412书库/ [索取号:R228/1] | 在馆 | |
| 15 | 2001528538 | 2001528538 | 412书库/ [索取号:R228/1] | 在馆 | |
| 16 | 2001528539 | 2001528539 | 412书库/ [索取号:R228/1] | 在馆 | |
| 17 | 2001528540 | 2001528540 | 412书库/ [索取号:R228/1] | 在馆 | |
| 18 | 2001528541 | 2001528541 | 215主题书屋/ [索取号:R228/1] | 在馆 | |
| 19 | 2001528542 | 2001528542 | 412书库/ [索取号:R228/1] | 在馆 | |
| 20 | 2001528543 | 2001528543 | 412书库/ [索取号:R228/1] | 在馆 | |
| 21 | 2001528544 | 2001528544 | 412书库/ [索取号:R228/1] | 在馆 | |
| 22 | 2001528545 | 2001528545 | 215主题书屋/ [索取号:R228/1] | 在馆 | |
| 23 | 2001528546 | 2001528546 | 215主题书屋/ [索取号:R228/1] | 在馆 | |
| 24 | 2001528547 | 2001528547 | 412书库/ [索取号:R228/1] | 在馆 | |
| 25 | 2001528548 | 2001528548 | 412书库/ [索取号:R228/1] | 在馆 | |
| 26 | 2001528549 | 2001528549 | 412书库/ [索取号:R228/1] | 在馆 | |
| 27 | 2001528550 | 2001528550 | 412书库/ [索取号:R228/1] | 在馆 | |
| 28 | 2001528551 | 2001528551 | 412书库/ [索取号:R228/1] | 在馆 | |
| 29 | 2001528552 | 2001528552 | 412书库/ [索取号:R228/1] | 在馆 | |
| 30 | 2001528553 | 2001528553 | 215主题书屋/ [索取号:R228/1] | 在馆 |